000 00581nam a22001937a 4500
005 20251108173711.0
008 250721s2004 xx 000 0 ara d
020 _a9953301484
082 1 4 _aم/ 150/ عيس
100 1 _aعيسوي، عبد الرحمن محمد
245 1 0 _aعلم النفس الإعلامي /
264 1 _aبيروت :
_bدار الراتب الجامعية،
_c2004.
300 _aج7.
650 1 7 _aعلم النفس
650 1 7 _aالاعلام
650 1 7 _aوساال الاتصال الجماهيري
942 _2ddc
_cREF
999 _c110305
_d110305